Trumpet /

Wedi'i Gadw mewn:
Manylion Llyfryddiaeth
Prif Awdur: Kay, Jackie (Awdur)
Awduron Eraill: Melani, Sandro
Fformat: Llyfr
Iaith:Eidaleg
Cyhoeddwyd: Milano : La tartaruga, \1999!
Cyfres:Narrativa
Tagiau: Ychwanegu Tag
Dim Tagiau, Byddwch y cyntaf i dagio'r cofnod hwn!

MARC

LEADER 00000nam a2200000 i 4500
001 IT\ICCU\RAV\0332222
003 ItRI
005 20260115231928.0
008 990427s1999 it |||||| ||||| |||||c
015 |2 IT  |a 2000-882 
020 |a 8877383038 
040 |b ita  |c importazione bologna sebina 
041 7 |a ita  |2 ISO-639-2 
082 |a 823.914  |9 NARRATIVA INGLESE, 1945-1999  |2 21 
100 1 |a Kay, Jackie  |0 IT\ICCU\RAVV\108194  |4 aut 
240 1 0 |a Trumpet.  |3 IT\ICCU\LO1\0500893  |9 Kay, Jackie 
245 1 0 |a Trumpet /  |c Jackie Kay ; traduzione di Sandro Melani. 
260 |a Milano :  |b La tartaruga,  |c \1999! 
300 |a 276 p. ;  |c 21 cm. 
700 1 |a Melani, Sandro  |0 IT\ICCU\CFIV\040030 
830 0 |a Narrativa  |0 IT\ICCU\RAV\0028906 
942 |2 ddc  |c BK  |n 0 
952 |0 0  |1 0  |4 0  |6 T_823_914000000000000_KAY  |7 0  |9 16831  |a BO  |b BO  |d 2026-01-15  |i 19956  |l 0  |o T 823.914 KAY  |p BO19956  |r 2026-01-15 23:19:28  |w 2026-01-15  |x [Sebina 7] [1 v.]  |y BK  |z 1 v. (2. copia) 
952 |0 0  |1 0  |4 0  |6 T_823_914000000000000_KAY  |7 0  |9 16832  |a BO  |b BO  |d 2026-01-15  |i 7715  |l 0  |o T 823.914 KAY  |p BO7715  |r 2026-01-15 23:19:28  |w 2026-01-15  |x [Sebina 5] [1 v.]  |y BK  |z 1 v. 
999 |c 14386  |d 14386